| 000 | 00454nam a2200169 a 4500 | ||
|---|---|---|---|
| 001 | 3695 | ||
| 003 | CDMR | ||
| 005 | 20260515062531.0 | ||
| 008 | 130130s2006||||||||||||||||||||||||||||d | ||
| 020 | _a8496521176 | ||
| 040 |
_aCDMR _bcat _cCDMR |
||
| 100 | 1 |
_aHuertas, Josep Maria _d1939-2007 _928 |
|
| 245 | 1 | 4 |
_aUna història de "La Vanguardia" _cJosep Maria Huertas |
| 260 |
_aBarcelona _c2006 _bAngle |
||
| 490 | 0 |
_aEl Fil d'Ariadna _v17 |
|
| 942 |
_cMON _2udc |
||
| 999 |
_c3695 _d3695 |
||